Statistics for All Intercontinental Routes from a Copenhagen Airport - map

Click here to take the quiz!

General Stats

  • This quiz has been taken 258 times
  • The average score is 28 of 52

Answers on the Map

Answers color-coded by a green-red scale on the quiz's map according to % correct below.
 

Answer Stats

Airport% Correct
๐‹๐จ๐ฌ ๐€๐ง๐ ๐ž๐ฅ๐ž๐ฌ International Airport
94%
๐’๐š๐ง ๐…๐ซ๐š๐ง๐œ๐ข๐ฌ๐œ๐จ International Airport
93%
๐๐ž๐ฐ๐š๐ซ๐ค ๐‹๐ข๐›๐ž๐ซ๐ญ๐ฒ International Airport
92%
๐“๐จ๐ค๐ฒ๐จ ๐‡๐š๐ง๐ž๐๐š Airport
90%
๐“๐จ๐ซ๐จ๐ง๐ญ๐จ ๐๐ž๐š๐ซ๐ฌ๐จ๐ง International Airport
90%
๐“๐จ๐ค๐ฒ๐จ ๐๐š๐ซ๐ข๐ญ๐š International Airport
90%
๐’๐ก๐š๐ง๐ ๐ก๐š๐ข ๐๐ฎ๐๐จ๐ง๐  International Airport
89%
๐ƒ๐ฎ๐›๐š๐ข International Airport
89%
๐๐ž๐ข๐ฃ๐ข๐ง๐  ๐‚๐š๐ฉ๐ข๐ญ๐š๐ฅ International Airport
89%
๐’๐ข๐ง๐ ๐š๐ฉ๐จ๐ซ๐ž ๐‚๐ก๐š๐ง๐ ๐ข Airport
88%
๐—–๐—ต๐—ถ๐—ฐ๐—ฎ๐—ด๐—ผ ๐—ข'๐—ต๐—ฎ๐—ฟ๐—ฒ International Airport
88%
๐—–๐š๐ข๐ซ๐จ International Airport
88%
๐Œ๐ข๐š๐ฆ๐ข International Airport
88%
๐๐š๐ง๐ ๐ค๐จ๐ค ๐’๐ฎ๐ฏ๐š๐ซ๐ง๐š๐›๐ก๐ฎ๐ฆ๐ข Airport
87%
๐Œ๐จ๐ง๐ญ๐ซรฉ๐š๐ฅ-๐๐ข๐ž๐ซ๐ซ๐ž ๐„๐ฅ๐ฅ๐ข๐จ๐ญ๐ญ ๐“๐ซ๐ฎ๐๐ž๐š๐ฎ International Airport
85%
๐ƒ๐ž๐ฅ๐ก๐ข ๐ˆ๐ง๐๐ข๐ซ๐š ๐†๐š๐ง๐๐ก๐ข International Airport
85%
๐ƒ๐จ๐ก๐š ๐‡๐š๐ฆ๐š๐ International Airport
84%
๐๐จ๐ฌ๐ญ๐จ๐ง ๐‹๐จ๐ ๐š๐ง International Airport
83%
๐‚๐š๐ฌ๐š๐›๐ฅ๐š๐ง๐œ๐š ๐Œ๐จ๐ก๐š๐ฆ๐ฆ๐ž๐ ๐• International Airport
81%
๐–๐š๐ฌ๐ก๐ข๐ง๐ ๐ญ๐จ๐ง ๐ƒ๐ฎ๐ฅ๐ฅ๐ž๐ฌ International Airport
80%
๐‚๐š๐ง๐œรบ๐ง International Airport
80%
๐ˆ๐ฌ๐ญ๐š๐ง๐›๐ฎ๐ฅ ๐’๐š๐›๐ข๐ก๐š ๐†๐จ๐ค๐œ๐ž๐ง International Airport
79%
๐“๐ž๐ฅ ๐€๐ฏ๐ข๐ฏ ๐๐ž๐ง ๐†๐ฎ๐ซ๐ข๐จ๐ง International Airport
75%
๐€๐ง๐ค๐š๐ซ๐š ๐„๐ฌ๐ž๐ง๐›๐จฤŸ๐š Airport
73%
๐‹๐š๐ก๐จ๐ซ๐ž ๐€๐ฅ๐ฅ๐š๐ฆ๐š ๐ˆ๐ช๐›๐š๐ฅ International Airport
63%
๐€๐ฆ๐ฆ๐š๐ง ๐๐ฎ๐ž๐ž๐ง ๐€๐ฅ๐ข๐š International Airport
59%
๐๐ž๐ข๐ซ๐ฎ๐ญ-๐‘๐š๐Ÿ๐ข๐œ ๐‡๐š๐ซ๐ข๐ซ๐ข International Airport
58%
๐Œ๐š๐ซ๐ซ๐š๐ค๐ž๐ฌ๐ก ๐Œ๐ž๐ง๐š๐ซ๐š Airport
55%
๐๐ก๐ฎ๐ค๐ž๐ญ International Airport
54%
๐€๐ง๐ญ๐š๐ฅ๐ฒ๐š Airport
53%
๐Œ๐š๐ฎ๐ซ๐ข๐ญ๐ข๐ฎ๐ฌ ๐’๐ข๐ซ ๐’๐ž๐ž๐ฐ๐จ๐จ๐ฌ๐š๐ ๐ฎ๐ซ ๐‘๐š๐ฆ๐ ๐จ๐จ๐ฅ๐š๐ฆ International Airport
44%
๐๐š๐ฌ๐ซ๐š๐ก International Airport
40%
๐๐š๐ง๐ฃ๐ฎ๐ฅ ๐˜๐ฎ๐ง๐๐ฎ๐ฆ International Airport
37%
๐๐ฎ๐ง๐ญ๐š ๐‚๐š๐ง๐š International Airport
36%
๐„๐ซ๐›๐ข๐ฅ International Airport
32%
๐’๐ก๐š๐ซ๐ฆ ๐„๐ฅ ๐’๐ก๐ž๐ข๐ค๐ก International Airport
30%
๐‹๐š๐ซ๐ง๐š๐œ๐š International Airport โ€“ ๐†๐ฅ๐š๐Ÿ๐œ๐จ๐ฌ ๐‚๐ฅ๐ž๐ซ๐ข๐๐ž๐ฌ
26%
๐‡๐ฎ๐ซ๐ ๐ก๐š๐๐š International Airport
25%
๐•๐š๐ซ๐š๐๐ž๐ซ๐จ ๐‰๐ฎ๐š๐ง ๐†๐ฎ๐š๐ฅ๐›๐ž๐ซ๐ญ๐จ ๐†รณ๐ฆ๐ž๐ณ Airport
17%
๐Š๐จ๐ง๐ฒ๐š Airport
14%
๐Š๐ซ๐š๐›๐ข International Airport
13%
๐Œ๐จ๐ง๐š๐ฌ๐ญ๐ข๐ซ ๐‡๐š๐›๐ข๐› ๐๐จ๐ฎ๐ซ๐ ๐ฎ๐ข๐›๐š International Airport
11%
๐ƒ๐š๐ฅ๐š๐ฆ๐š๐ง Airport
10%
๐ƒ๐š๐ฏ๐ข๐ ๐ญ๐ก๐ž ๐๐ฎ๐ข๐ฅ๐๐ž๐ซ ๐Š๐ฎ๐ญ๐š๐ข๐ฌ๐ข International Airport
10%
๐“๐ก๐ฎ๐ฅ๐ž Air Base
9%
๐Š๐š๐ง๐ ๐ž๐ซ๐ฅ๐ฎ๐ฌ๐ฌ๐ฎ๐š๐ช Airport
9%
๐๐จ๐š ๐•๐ข๐ฌ๐ญ๐š ๐€๐ซ๐ข๐ฌ๐ญ๐ข๐๐ž๐ฌ ๐๐ž๐ซ๐ž๐ข๐ซ๐š International Airport
8%
๐€๐ฅ ๐๐š๐ฃ๐š๐Ÿ International Airport
8%
๐†๐š๐ณ๐ข๐ฉ๐šลŸ๐š-๐€๐ฅ๐š๐ง๐ฒ๐š Airport
8%
๐๐ฎ๐ž๐ซ๐ญ๐จ ๐๐ฅ๐š๐ญ๐š ๐†๐ซ๐ž๐ ๐จ๐ซ๐ข๐จ ๐‹๐ฎ๐ฉ๐ž๐ซรณ๐ง International Airport
7%
๐๐ก๐ฎ ๐๐ฎ๐จ๐œ International Airport
6%
๐๐š๐ซ๐ฌ๐š๐ซ๐ฌ๐ฎ๐š๐ช Airport
3%

Score Distribution

Percentile by Number Answered

Percent of People with Each Score

Your Score History

You have not taken this quiz